<?xml version="1.0" encoding="UTF-8"?><?xml-stylesheet type="text/xsl" href="static/style.xsl"?><OAI-PMH xmlns="http://www.openarchives.org/OAI/2.0/" xmlns:xsi="http://www.w3.org/2001/XMLSchema-instance" xsi:schemaLocation="http://www.openarchives.org/OAI/2.0/ http://www.openarchives.org/OAI/2.0/OAI-PMH.xsd"><responseDate>2026-04-17T12:49:19Z</responseDate><request verb="GetRecord" identifier="oai:www.recercat.cat:10256/21310" metadataPrefix="marc">https://recercat.cat/oai/request</request><GetRecord><record><header><identifier>oai:recercat.cat:10256/21310</identifier><datestamp>2024-06-18T11:54:25Z</datestamp><setSpec>com_2072_452955</setSpec><setSpec>com_2072_2054</setSpec><setSpec>col_2072_453077</setSpec></header><metadata><record xmlns="http://www.loc.gov/MARC21/slim" xmlns:dcterms="http://purl.org/dc/terms/" xmlns:xsi="http://www.w3.org/2001/XMLSchema-instance" xmlns:doc="http://www.lyncode.com/xoai" xsi:schemaLocation="http://www.loc.gov/MARC21/slim http://www.loc.gov/standards/marcxml/schema/MARC21slim.xsd">
   <leader>00925njm 22002777a 4500</leader>
   <datafield ind2=" " ind1=" " tag="042">
      <subfield code="a">dc</subfield>
   </datafield>
   <datafield ind2=" " ind1=" " tag="720">
      <subfield code="a">Escolà Casas, Mònica</subfield>
      <subfield code="e">author</subfield>
   </datafield>
   <datafield ind2=" " ind1=" " tag="720">
      <subfield code="a">Schröter, Nicole S.</subfield>
      <subfield code="e">author</subfield>
   </datafield>
   <datafield ind2=" " ind1=" " tag="720">
      <subfield code="a">Zammit, Ian</subfield>
      <subfield code="e">author</subfield>
   </datafield>
   <datafield ind2=" " ind1=" " tag="720">
      <subfield code="a">Castaño Trias, Marc</subfield>
      <subfield code="e">author</subfield>
   </datafield>
   <datafield ind2=" " ind1=" " tag="720">
      <subfield code="a">Rodríguez Mozaz, Sara</subfield>
      <subfield code="e">author</subfield>
   </datafield>
   <datafield ind2=" " ind1=" " tag="720">
      <subfield code="a">Gago Ferrero, Pablo</subfield>
      <subfield code="e">author</subfield>
   </datafield>
   <datafield ind2=" " ind1=" " tag="720">
      <subfield code="a">Corominas Tabares, Lluís</subfield>
      <subfield code="e">author</subfield>
   </datafield>
   <datafield ind2=" " ind1=" " tag="260">
      <subfield code="c">2021-05</subfield>
   </datafield>
   <datafield ind2=" " ind1=" " tag="520">
      <subfield code="a">While the extent of pharmaceutical consumption within a society/community is of high relevance to its health, economy and general wellbeing, this data is often not readily available. Herein, we strengthen a wastewater–based epidemiology (WBE) approach as a way to track the consumption of pharmaceuticals within the sampled community. This method is less laborious than established questionnaire or databases approaches and allows a higher temporal and spatial resolution. The WBE approach was conducted by sampling influent wastewater from two wastewater treatment plants of different size. A total of 39 targeted compounds were quantified by liquid chromatography coupled with tandem mass spectrometry. The number of prescriptions and the defined daily doses for each prescription was obtained from the reference database of The Catalan Health System to validate the wastewater-based approach. The wastewater sampling and the data inquiry were both executed during the same period (October 2019) and standardised for comparison to treatments per 1,000 inhabitants per day. The back-calculation parameters were improved from previous studies by including the faecal excretion rate of the pharmaceuticals. For prescription only pharmaceuticals, where prescription numbers are expected to be a good estimate of consumption, our WBE approach agreed with 27 out of 32 (&lt;0.7 order of magnitude). Common over-the-counter pharmaceuticals such as acetaminophen, ibuprofen and naproxen showed much higher values for treatments per day per 1,000 inhabitant in wastewater than prescribed, reflecting the usefulness of WBE in obtaining an estimate of the total consumption i.e. with and without a prescription</subfield>
   </datafield>
   <datafield ind2=" " ind1=" " tag="520">
      <subfield code="a">The study presents results from the SCOREwater project, which has received funding from the European Union’s Horizon 2020 Research and Innovation Programme under grant agreement no 820751. Lluís Corominas and Sara Rodriguez-Mozaz acknowledge the Ministry of Economy and competitiveness for their Ramon and Cajal grants and the corresponding I3 consolidation (RYC-2013-14595 and RYC-2014-16707 respectively). Marc Castaño-Trias acknowledges his PhD scholarship from AGAUR (2020FI_B00711). The authors thank Generalitat de Catalunya through Consolidated Research Group 2017 SGR 1318. ICRA researchers thank funding from the CERCA program</subfield>
   </datafield>
   <datafield ind1="8" ind2=" " tag="024">
      <subfield code="a">http://hdl.handle.net/10256/21310</subfield>
   </datafield>
   <datafield tag="653" ind2=" " ind1=" ">
      <subfield code="a">Epidemiologia</subfield>
   </datafield>
   <datafield tag="653" ind2=" " ind1=" ">
      <subfield code="a">Epidemiology</subfield>
   </datafield>
   <datafield tag="653" ind2=" " ind1=" ">
      <subfield code="a">Medicaments -- Ús</subfield>
   </datafield>
   <datafield tag="653" ind2=" " ind1=" ">
      <subfield code="a">Drug utilization</subfield>
   </datafield>
   <datafield tag="653" ind2=" " ind1=" ">
      <subfield code="a">Química ambiental</subfield>
   </datafield>
   <datafield tag="653" ind2=" " ind1=" ">
      <subfield code="a">Environmental chemistry</subfield>
   </datafield>
   <datafield ind2="0" ind1="0" tag="245">
      <subfield code="a">Showcasing the potential of wastewater-based epidemiology to track pharmaceuticals consumption in cities: Comparison against prescription data collected at fine spatial resolution</subfield>
   </datafield>
</record></metadata></record></GetRecord></OAI-PMH>